Air is all around you : (Record no. 102174)
[ view plain ]
| 000 -LEADER | |
|---|---|
| fixed length control field | 00695nam a2200181 a 4500 |
| 005 - DATE AND TIME OF LATEST TRANSACTION | |
| control field | 20140412111231.0 |
| 008 - FIXED-LENGTH DATA ELEMENTS--GENERAL INFORMATION | |
| fixed length control field | 020416s19uu xx 00 eng d |
| 020 ## - INTERNATIONAL STANDARD BOOK NUMBER | |
| International Standard Book Number | 0-06-445048-1 |
| 050 ## - LIBRARY OF CONGRESS CALL NUMBER | |
| Classification number | TR(GS 533 |
| Item number | B7 1986 |
| 100 ## - MAIN ENTRY--PERSONAL NAME | |
| Personal name | Branley, Franklyn M. |
| 245 ## - TITLE STATEMENT | |
| Title | Air is all around you : |
| Statement of responsibility, etc | by Franklin M. Branley; illustrated by Holly Keller. |
| Remainder of title | ages 4-8 / |
| 260 ## - PUBLICATION, DISTRIBUTION, ETC. (IMPRINT) | |
| Place of publication, distribution, etc | New York : |
| Name of publisher, distributor, etc | A Haper Trophy Book, |
| Date of publication, distribution, etc | 1986. |
| 300 ## - PHYSICAL DESCRIPTION | |
| Extent | 31 p. ; ill. |
| 440 ## - SERIES STATEMENT/ADDED ENTRY--TITLE | |
| Title | A Let's-read-and-find-out science book |
| 520 ## - SUMMARY, ETC. | |
| Summary, etc | Describes the various properties of air and shows how to prove that air takes up space and that there is air dissolved in water. |
| 650 ## - SUBJECT ADDED ENTRY--TOPICAL TERM | |
| Topical term or geographic name as entry element | Air |
| General subdivision | Juvenile literature |
| Withdrawn status | Lost status | Damaged status | Home library | Current library | Shelving location | Date acquired | Source of acquisition | Total Checkouts | Full call number | Barcode | Date last seen | Price effective from | Koha item type |
|---|---|---|---|---|---|---|---|---|---|---|---|---|---|
| Elizalde Library | Elizalde Library | Teachers Reference Section | 04/16/2002 | TR(GS 533 B7 1986 | E0680 | 04/12/2014 | 04/12/2014 | Books |